00486nam a2200193 a 4500001001300000003000900013005001700022008004100039020001000080082001500090100001300105245004500118260004000163300000800203500003500211505001200246650002100258700001300279nice12345678IN_TiNIC20260116011330.0050524s1934 lona grp 000 0 eng  ac10000a297.7bSMI aSmith, I aTo Islam I Gob Temple Gairdner of Cairo aLondonbEdinburgh House Pressc1934 a32p aincludes index and biblioraphy2 aTurkish aConversion-Islam1 aSmith, I